BIBLIOTECA “JULIO CORTÁZAR”
ESCUELA AGROTÉCNICA “LIBERTADOR GENERAL SAN MARTÍN” - UNR – CASILDA

Logo Escuela Logo UNR

Conservación casera de frutas y hortalizas / (Record no. 234)

MARC details
000 -LEADER
campo de control de longitud fija 00763nam#a22002775a#4500
001 - NÚMERO DE CONTROL
campo de control 234
008 - DATOS DE LONGITUD FIJA--INFORMACIÓN GENERAL
campo de control de longitud fija 060425s1996####sp#ao##f#####|||1#||spa#|
020 ## - NÚMERO INTERNACIONAL ESTÁNDAR DEL LIBRO
Número Internacional Estándar del Libro 8420008109
080 ## - NÚMERO DE LA CLASIFICACIÓN DECIMAL UNIVERSAL
Número de la Clasificación Decimal Universal 664.8.036.1
084 ## - OTRO NÚMERO DE CLASIFICACIÓN
Número de clasificación S84
040 ## - FUENTE DE CATALOGACIÓN
Centro catalogador/agencia de origen AR-ClEAG
Centro/agencia transcriptor AR-ClEAG
005 - FECHA Y HORA DE LA ÚLTIMA TRANSACCIÓN
campo de control 20241107184629.0
003 - IDENTIFICADOR DE NÚMERO DE CONTROL
campo de control AR-ClEAG
100 1# - ENTRADA PRINCIPAL--NOMBRE DE PERSONA
Nombre de persona Studer, Arnold.
245 10 - MENCIÓN DEL TÍTULO
Título Conservación casera de frutas y hortalizas /
Mención de responsabilidad, etc. Arnold Studer, Hans Ulrich Daepp, Edith Suter.
260 ## - PUBLICACIÓN, DISTRIBUCIÓN, ETC.
Lugar de publicación, distribución, etc. Zaragoza :
Nombre del editor, distribuidor, etc. Editorial Acribia,
Fecha de publicación, distribución, etc. 1996.
300 ## - DESCRIPCIÓN FÍSICA
Extensión 167 p. :
Otras características físicas il., fot. ;
Dimensiones 24 cm.
653 ## - TÉRMINO DE INDIZACIÓN--NO CONTROLADO
Término no controlado Alimentación
653 ## - TÉRMINO DE INDIZACIÓN--NO CONTROLADO
Término no controlado Almacenamiento
653 ## - TÉRMINO DE INDIZACIÓN--NO CONTROLADO
Término no controlado Economía
653 ## - TÉRMINO DE INDIZACIÓN--NO CONTROLADO
Término no controlado Esterilización
653 ## - TÉRMINO DE INDIZACIÓN--NO CONTROLADO
Término no controlado Alimentos envasados.
700 1# - ENTRADA AGREGADA--NOMBRE PERSONAL
Nombre de persona Ulrich Daepp, Hans.
700 1# - ENTRADA AGREGADA--NOMBRE PERSONAL
Nombre de persona Suter, Edith.
942 ## - ELEMENTOS DE ENTRADA SECUNDARIOS (KOHA)
Tipo de ítem Koha Libros
980 ## - EQUIVALENCIA O REFERENCIA-CRUZADA-MENCIÓN DE SERIE--NOMBRE DE PERSONA/TÍTULO [LOCAL, CANADÁ]
Enlace 2
Nombre de persona Evangelina Gallicchio
Enlace entre campo y número de secuencia 2
Información miscelánea Evangelina Gallicchio
Holdings
Estatus retirado Estado de pérdida Fuente del sistema de clasificación o colocación Estado de daño No para préstamo Biblioteca de origen Biblioteca actual Ubicación en estantería Fecha de adquisición Número de inventario Total de préstamos Signatura topográfica completa Código de barras Visto por última vez Precio de reemplazo Tipo de ítem Koha
    Clasificación decimal universal     Julio Cortázar Julio Cortázar   07/11/2024 1530   R19 664.8.036.1 S84 1 1 Ej.1 1530 07/11/2024 07/11/2024 Libros

Contacto

Biblioteca Julio Cortázar. Escuela Agrotécnica "Libertador San Martín". Universidad Nacional de Rosario
Dirección: Ov. Lagos 1000 - 2170 Casilda - Santa Fe - Argentina
Tel: (54) (03464) 422226.
Fax: (54) (03464) 427789.
E-Mail: biblio-eac@unr.edu.ar